| 000 | 00594nam a2200133Ia 4500 | ||
|---|---|---|---|
| 008 | 171212s9999 xx 000 0 und d | ||
| 020 | _a9781922144706 | ||
| 100 | _aFurphy, Samuel | ||
| 245 |
_cFurphy, Samuel _aEdward M. Curr and the Tide of History |
||
| 260 |
_bANU E Press _c2013 |
||
| 650 | _aCurr, Edward M. (Edward Micklethwaite), 1820-1889; Authors, Australian -- Biography; Frontier and pioneer life -- Victoria; Aboriginal Australians -- Land tenure; Native title (Australia); Yorta Yorta (Australian people) | ||
| 650 | _aHistory | ||
| 856 | _uwww.jstor.org/stable/10.2307/j.ctt2jbksj | ||
| 999 |
_c351093 _d351093 |
||